000 00824cam a22002773a 4500
001 2042
003 PGUSA
005 20140828083010.0
008 000101s2000||||xxu|||||s|||||000 1 eng d
040 _aPGUSA
_beng
042 _adc
050 4 _aPR
100 1 _aWodehouse, P. G.
_q(Pelham Grenville),
_d1881-1975
245 1 0 _aSomething New
_h[electronic resource] /
_cP. G. Wodehouse
260 _bProject Gutenberg,
_c2000
506 _aPublic domain in the USA.
516 _aElectronic text
653 _aHumorous stories
653 _aShropshire (England) -- Fiction
653 _aBlandings Castle (England : Imaginary place) -- Fiction
653 _aNobility -- Fiction
740 0 _aSomething Fresh
830 0 _aProject Gutenberg
_v2042
856 4 0 _uhttp://www.gutenberg.org/ebooks/2042
942 _cEB
999 _c231381
_d231381